KOHA-Header-6

Distributed Systems (Record no. 13169)

000 -LEADER
fixed length control field 00340nam a22001337a 4500
020 ## - INTERNATIONAL STANDARD BOOK NUMBER
ISBN 9781543057386
082 ## - DEWEY DECIMAL CLASSIFICATION NUMBER
Classification number 004.36
100 ## - MAIN ENTRY--AUTHOR NAME
Personal name Maarten Van Steen , Andrew S. Tanenbaum
245 ## - TITLE STATEMENT
Title Distributed Systems
Statement of responsibility, etc Maarten Van Steen , Andrew S. Tanenbaum
250 ## - EDITION STATEMENT
Edition statement 3rd
260 ## - PUBLICATION, DISTRIBUTION, ETC. (IMPRINT)
Place of publication India
Name of publisher Pearson
Year of publication 2017
300 ## - PHYSICAL DESCRIPTION
Number of Pages 582
942 ## - ADDED ENTRY ELEMENTS (KOHA)
Koha item type Computer Science
Holdings
Withdrawn status Lost status Collection code Permanent Location Current Location Shelving location Date acquired Full call number Accession Number Koha item type
    Computer Science MAJU MAJU Shelf No.A33 2021-11-10 004.36 10244 Computer Science

Powered by Koha